Statistics for MEGA Airport Codes (West US)

Click here to take the quiz!

General Stats

  • This quiz has been taken 9 times
  • The average score is 23 of 121

Answer Stats

Airline With Most RoutesMost Common DestinationAnswer% Correct
United AirlinesLas Vegas, NVDEN
100%
Delta AirlinesNew York (JFK), NYLAX
100%
Alaska AirlinesSeattle, WAANC
89%
Southwest AirlinesDenver, COPHX
89%
Southwest AirlinesLas Vegas, NVSAN
89%
Alaska AirlinesAnchorage, AKSEA
89%
United AirlinesLos Angeles, CASFO
89%
Southwest AirlinesDallas, TXABQ
78%
Southwest AirlinesLos Angeles, CALAS
78%
Delta AirlinesDenver, COSLC
78%
American AirlinesDallas, TXTUS
78%
Alaska/Delta AirlinesSeattle, WAFAI
67%
Southwest AirlinesLas Vegas, NVOAK
67%
Alaska AirlinesSeattle, WAPDX
67%
SkyWest AirlinesSeattle, WABOI
56%
Southwest AirlinesLas Vegas, NVBUR
56%
Southwest AirlinesLas Vegas, NVRNO
56%
Southwest AirlinesSan Diego, CASJC
56%
Hawaiian AirlinesLos Angeles, CAHNL
44%
Southwest AirlinesDenver, COONT
44%
United AirlinesDenver, COASE
33%
Delta/Frontier AirlinesDenver, COBIL
33%
Southwest AirlinesDenver, COCOS
33%
SkyWest AirlinesSeattle, WAEUG
33%
SkyWest AirlinesLas Vegas, NVFAT
33%
American EaglePhoenix, AZFLG
33%
Alaska AirlinesSeattle, WAJNU
33%
Southwest AirlinesLas Vegas, NVLGB
33%
Southwest AirlinesDenver, COSBA
33%
Alaska AirlinesJuneau, AKSIT
33%
Southwest AirlinesLas Vegas, NVSNA
33%
American AirlinesDallas, TXEGE
22%
Delta AirlinesSalt Lake City, UTIDA
22%
Frontier/United AirlinesDenver, COJAC
22%
United ExpressDenver, COLAR
22%
American EaglePhoenix, AZNYL/YUM
22%
SkyWest AirlinesSeattle, WAPSP
22%
SkyWest AirlinesDallas, TXSAF
22%
Allegiant AirLas Vegas, NVSCK
22%
Alaska AirlinesAnchorage, AKYAK
22%
Allegiant AirLas Vegas, NVBLI
11%
Grand Canyon AirlinesPeach Springs, AZBVU/BLD
11%
Delta AirlinesDenver, COBZN
11%
Delta ConnectionSalt Lake City, UTCDC
11%
United ExpressDenver, COCOD
11%
United ExpressDenver, COCPR
11%
Aleutian AirAnchorage, AKDUT
11%
Horizon AirSeattle, WAEAT
11%
DeltaSalt Lake City, UTEKO
11%
United AirlinesDenver, COHDN
11%
Ravn AlaskaAnchorage, AKHOM
11%
Hawaiian AirlinesHonolulu, HIITO
11%
Hawaiian AirlinesHonolulu, HIKOA
11%
Alaska AirlinesSeattle, WAKTN
11%
Hawaiian AirlinesHonolulu, HILIH
11%
SkyWest AirlinesDenver, COMTJ
11%
Avelo AirlinesBurbank, CAOGD
11%
Contour AirlinesPhoenix, AZPGA
11%
Allegiant AirPhoenix, AZPVU
11%
SkyWest AirlinesSeattle, WARDM
11%
American EagleDallas, TXROW
11%
Delta ConnectionSalt Lake City, UTSGU
11%
Southwest AirlinesSan Diego, CASMF
11%
Delta ConnectionSalt Lake City, UTWYS
11%
Alaska AirlinesSeattle, WAYKM
11%
United AirlinesSan Francisco, CAACV
0%
Alaska/Era AviationAnchorage, AKADQ
0%
Alaska AirlinesAnchorage, AKAKN
0%
Alaska SeaplanesJuneau, AKAKW/KLW
0%
Denver Air ConnectionDenver, COALS
0%
Alaska AirlinesSeattle, WAALW
0%
Alaska AirlinesAnchorage, AKBET
0%
Kenmore AirFriday Harbor, WABFI
0%
American AirlinesPhoenix, AZBFL
0%
Alaska AirlinesAnchorage, AKBRW
0%
Delta ConnectionSalt Lake City, UTBTM
0%
Alaska AirlinesAnchorage, AKCDV
0%
Delta ConnectionSalt Lake City, UTCNY
0%
Horizon AirAnchorage, AKDLG
0%
United AirlinesDenver, CODRO
0%
Ravn AlaskaAnchorage, AKENA
0%
Kenmore AirSeattle (Boeing), WAFHR/FRD
0%
United ExpressDenver, COGCC
0%
Alaska/Delta AirlinesSeattle, WAGEG
0%
United AirlinesDenver, COGJT
0%
Delta/Frontier AirlinesDenver, COGPI/FCA
0%
Alaska AirlinesJuneau, AKGST
0%
United AirlinesDenver, COGTF
0%
United AirlinesDenver, COGUC
0%
Delta AirlinesSalt Lake City, UTHLN
0%
United ExpressDenver, COHOB
0%
Allegiant AirlinesProvo, UTIWA/AZA
0%
Mokulele AirlinesHonolulu, HILNY
0%
Delta ConnectionSalt Lake City, UTLWS
0%
SkyWest AirlinesSeattle, WAMFR
0%
Mokulele AirlinesHonolulu, HIMKK
0%
Alaska Air TransitNikolai, AKMRI
0%
American AirlinesPhoenix, AZMRY
0%
Delta/Frontier AirlinesDenver, COMSO
0%
Hawaiian AirlinesHonolulu, HIOGG
0%
Alaska AirlinesAnchorage, AKOME
0%
Kenmore AirFriday Harbor, WAORS/ESD
0%
SkyWest AirlinesSan Francisco, CAOTH
0%
Alaska AirlinesAnchorage, AKOTZ
0%
Horizon AirPhoenix, AZPAE
0%
Delta ConnectionSalt Lake City, UTPIH
0%
United ExpressDenver, COPRC
0%
Alaska/Delta AirlinesSeattle, WAPSC
0%
Alaska AirlinesJuneau, AKPSG
0%
Horizon AirSeattle, WAPUW
0%
United ExpressLos Angeles, CARDD
0%
United ExpressDenver, CORIW
0%
United ExpressDenver, CORKS
0%
SkyWest AirlinesPhoenix, AZSBP
0%
Alaska AirlinesAnchorage, AKSCC
0%
United ExpressDenver, COSHR
0%
Allegiant AirLas Vegas, NVSMX
0%
SkyWest AirlinesSeattle, WASTS
0%
Delta AirlinesSalt Lake City, UTSUN
0%
SkyWest AirlinesSalt Lake City, UTTWF
0%
Alaska AirlinesSeattle, WAWRG
0%

Score Distribution

Percentile by Number Answered

Percent of People with Each Score

Your Score History

You have not taken this quiz